Reforming Collateral Laws to Expand Access to Finance

Detalles Bibliográficos
Autor principal: Fleisig, Heywood
Otros Autores: Peą, Nuria de la
Formato: Desconocido
Lenguaje:inglés
Publicado: Washington, DC : World Bank, 2006
Materias:
Acceso en línea:Acceso restringido

MARC

LEADER 00000ny a22000003n 4500
005 20110523124527.0
008 090115r20062008us |||||s|||||||||| eng d
020 |a 9780821364901 
035 |a 2279 
040 |a UAL  |d vLex 
080 |a 334.726:658.114(0.034) 
080 |a 339.72 (0.034) 
090 |c 148  |d 148 
100 1 |a Fleisig, Heywood 
245 1 0 |a Reforming Collateral Laws to Expand Access to Finance  |h [Recurso electrn̤ico]  |c Heywood Fleisig, Nuria de la Peą 
256 |a Servicio en ln̕ea 
260 |a Washington, DC :  |b World Bank,  |c 2006 
506 1 |a Contenido solo disponible en los productos indicados  |d vLex Global  |d vLex Global (Academic Edition, excluding Law Schools)  |d vLex Global (U.S. Academic Edition, Law Schools)  |d vLex Global (U.S. Academic Edition, excluding Law Schools)  |d vLex Global (Academic Edition, Law Schools) 
650 0 4 |a Finanzas internacionales  |b Estados Unidos 
700 1 |a Peą, Nuria de la 
740 0 |a vLex Libros (Servicios en ln̕ea) 
856 4 0 |u http://vlex.com/source/2279  |z Acceso restringido 
942 |c BOOK 
999 0 4 |a International finance  |b United States  
999 0 4 |a Movimientos de capital  |v En ln̕ea 
999 0 4 |a Multinacionales  |v En ln̕ea